Detalles MARC
| 000 -LEADER |
| campo de control de longitud fija |
01895nam a22004577a 4500 |
| 001 - NÚMERO DE CONTROL |
| campo de control |
2379 |
| 003 - IDENTIFICADOR DE NÚMERO DE CONTROL |
| campo de control |
gttocutb |
| 005 - FECHA Y HORA DE LA ÚLTIMA TRANSACCIÓN |
| campo de control |
20251022185926.0 |
| 007 - CAMPO FIJO DE DESCRIPCIÓN FÍSICA--INFORMACIÓN GENERAL |
| campo de control de longitud fija |
ta |
| 008 - DATOS DE LONGITUD FIJA--INFORMACIÓN GENERAL |
| campo de control de longitud fija |
251021e2012 gt d|||| |||| 001 0 spa d |
| 020 11 - NÚMERO INTERNACIONAL ESTÁNDAR DEL LIBRO |
| Número Internacional Estándar del Libro |
9789992248553 |
| Condiciones de disponibilidad |
Disponible |
| 040 11 - FUENTE DE CATALOGACIÓN |
| Centro catalogador/agencia de origen |
gttocutb |
| Lengua de catalogación |
spa |
| Centro/agencia transcriptor |
gttocutb |
| Normas de descripción |
rda |
| 082 04 - NÚMERO DE LA CLASIFICACIÓN DECIMAL DEWEY |
| Número de clasificación |
972.81 L953:4 |
| 100 11 - ENTRADA PRINCIPAL--NOMBRE DE PERSONA |
| Nombre de persona |
Luján Muñoz, Jorge. |
| Término indicativo de función/relación |
autor |
| 245 11 - MENCIÓN DEL TÍTULO |
| Título |
Breve historia contemporánea de Guatemala: |
| Mención de responsabilidad, etc. |
Jorge Luján Muñoz. |
| 250 ## - MENCION DE EDICION |
| Mención de edición |
4a. |
| 264 1# - PRODUCCIÓN, PUBLICACIÓN, DISTRIBUCIÓN, FABRICACIÓN Y COPYRIGHT |
| Producción, publicación, distribución, fabricación y copyright |
México: |
| Nombre del de productor, editor, distribuidor, fabricante |
Fondo de Cultura económica, |
| Fecha de producción, publicación, distribución, fabricación o copyright |
2012. |
| 264 1# - PRODUCCIÓN, PUBLICACIÓN, DISTRIBUCIÓN, FABRICACIÓN Y COPYRIGHT |
| Fecha de producción, publicación, distribución, fabricación o copyright |
© 2012 |
| 300 11 - DESCRIPCIÓN FÍSICA |
| Extensión |
582 páginas : |
| Dimensiones |
25 cm. |
| 336 11 - TIPO DE CONTENIDO |
| Fuente |
rdacontenido |
| Término de tipo de contenido |
texto |
| Código de tipo de contenido |
txt |
| 337 11 - TIPO DE MEDIO |
| Fuente |
rdamedio |
| Nombre/término del tipo de medio |
sin mediación |
| Código del tipo de medio |
n |
| 338 1# - TIPO DE SOPORTE |
| Fuente |
rdasoporte |
| Nombre/término del tipo de soporte |
volumen |
| Código del tipo de soporte |
nc |
| 505 00 - NOTA DE CONTENIDO CON FORMATO |
| Información miscelánea |
Indice: |
| 505 00 - NOTA DE CONTENIDO CON FORMATO |
| Información miscelánea |
1. Inicios de la sociedad colonial: la conquista -- |
| 505 0# - NOTA DE CONTENIDO CON FORMATO |
| Información miscelánea |
2. Organización del orden colonial: la sociedad española-ladina -- |
| 505 00 - NOTA DE CONTENIDO CON FORMATO |
| Información miscelánea |
3. La sociedad indígena durante la colonia -- |
| 505 00 - NOTA DE CONTENIDO CON FORMATO |
| Información miscelánea |
4. La economía durante la Colonia -- |
| 505 0# - NOTA DE CONTENIDO CON FORMATO |
| Información miscelánea |
5. La independencia y la unión a México -- |
| 505 00 - NOTA DE CONTENIDO CON FORMATO |
| Información miscelánea |
6. La República de federal de Centro América -- |
| 505 00 - NOTA DE CONTENIDO CON FORMATO |
| Información miscelánea |
7. El gobierno de los treinta años -- |
| 505 00 - NOTA DE CONTENIDO CON FORMATO |
| Información miscelánea |
8. La reforma libera 1871-1885 -- |
| 505 00 - NOTA DE CONTENIDO CON FORMATO |
| Información miscelánea |
9. Los herederos del liberalismo: 1885-1920/1920-1944 -- |
| 505 00 - NOTA DE CONTENIDO CON FORMATO |
| Información miscelánea |
10. La década revolucionaria 1944-1954 -- |
| 520 00 - RESUMEN, ETC. |
| Sumario, etc. |
Panorama completo de la historia guatemalteca a partir de la Conquista española y, sobre todo, de la Independencia, en 1821, hasta la actualidad. Si bien se hace hincapié en los procesos políticos, no se descuida lo social, lo económico y lo cultural. |
| 521 00 - NOTA DE PÚBLICO DESTINATARIO |
| Nota de público destinatario |
Recomendado para público en general. |
| 650 14 - PUNTO DE ACCESO ADICIONAL DE MATERIA--TÉRMINO DE MATERIA |
| Fuente del encabezamiento o término |
LEMB |
| Término de materia o nombre geográfico como elemento de entrada |
Historia de Guatemala. |
| 650 14 - PUNTO DE ACCESO ADICIONAL DE MATERIA--TÉRMINO DE MATERIA |
| Fuente del encabezamiento o término |
LEMB |
| Término de materia o nombre geográfico como elemento de entrada |
La Colonia. |
| 650 14 - PUNTO DE ACCESO ADICIONAL DE MATERIA--TÉRMINO DE MATERIA |
| Fuente del encabezamiento o término |
LEMB |
| Término de materia o nombre geográfico como elemento de entrada |
Anexion a México. |
| 650 14 - PUNTO DE ACCESO ADICIONAL DE MATERIA--TÉRMINO DE MATERIA |
| Fuente del encabezamiento o término |
LEMB |
| Término de materia o nombre geográfico como elemento de entrada |
Reforma liberal 1971-1885. |
| 942 1# - ELEMENTOS DE ENTRADA SECUNDARIOS (KOHA) |
| Fuente de la clasificación o esquema de estantería |
Clasificación Decimal Dewey |
| Tipo de ítem Koha |
Libros |
| Suprimir en OPAC |
No |
| Edición |
4a. |